000 00844nam a2200265Ia 4500
003 OSt
005 20220918170716.0
006 a|||||r|||| 00| 0
007 ta
008 220917b |||||||| |||| 00| 0 eng d
020 _a9780415662000 (hbk)
_c8109.85
024 _a285,852
037 _b971, 10/03/2015, Bright Book Service
_cTextual
040 _aARTS
_cARTS
_beng
041 _2eng
_aeng
082 _aV65:19.N, Q5
100 _aPella John Anthony
_930515
245 0 _aAfrica and the expansion of international society
_b Surrendering thesavannah
260 _aLondon
_bRoutledge UK
_c2015
300 _axvi, 186p.
_ccm.
490 _aNew international reations
650 _aHISTORY
942 _hV65:19.N, Q5
_cTEXL
_2CC
999 _c135259
_d135259